The journal of a tour to the Hebrides with Samuel Johnson / (Record no. 34895)

MARC details
000 -LEADER
campo de control de longitud fija 00561nam a2200181 i 4500
001 - NÚMERO DE CONTROL
campo de control 34895
003 - IDENTIFICADOR DE NÚMERO DE CONTROL
campo de control ES-MaACL
005 - FECHA Y HORA DE LA ÚLTIMA TRANSACCIÓN
campo de control 20250905165400.0
007 - CAMPO FIJO DE DESCRIPCIÓN FÍSICA--INFORMACIÓN GENERAL
campo de control de longitud fija t|
008 - DATOS DE LONGITUD FIJA--INFORMACIÓN GENERAL
campo de control de longitud fija 030211s1914 xxk ||||1| eng d
100 1# - ENTRADA PRINCIPAL--NOMBRE DE PERSONA
Nombre de persona Boswell, James.
9 (RLIN) 30729
245 14 - MENCIÓN DEL TÍTULO
Título The journal of a tour to the Hebrides with Samuel Johnson /
Mención de responsabilidad, etc. James Boswell.
260 ## - PUBLICACIÓN, DISTRIBUCIÓN, ETC.
Lugar de publicación, distribución, etc. London :
Nombre del editor, distribuidor, etc. [s.n.,
Fecha de publicación, distribución, etc. 1914] (
Lugar de fabricación/manufactura Letchworth :
Fabricante The Temple Press)
300 ## - DESCRIPCIÓN FÍSICA
Extensión XXVI, 414 p. ;
Dimensiones 18 cm.
600 17 - PUNTO DE ACCESO ADICIONAL DE MATERIA--NOMBRE DE PERSONA
Nombre de persona Johnson, Samuel,
Fechas asociadas al nombre 1709-1784
Fuente del encabezamiento o término
9 (RLIN) 137503
852 ## - LOCALIZACIÓN
Ubicación ES-MaACL
Número de control de estantería G-14660
Holdings
Estatus retirado Estado de pérdida Estado de daño No para préstamo Biblioteca de origen Biblioteca actual Ubicación en estantería Fecha de adquisición Fuente de adquisición Total de préstamos Signatura topográfica completa Código de barras Visto por última vez Precio de reemplazo Tipo de ítem Koha
        Biblioteca del Ateneo de Madrid Biblioteca del Ateneo de Madrid Sala Pecera Planta 3 17/01/2008     G-14660 1036443 23/02/2023 23/02/2023 Libro impreso